Principles and applications of electrical engineering

Enregistré dans:
Détails bibliographiques
Auteur principal: Rizzoni, Giorgio.
Format: Livre
Langue:English
Publié: Boston : McGraw-Hill Higher Education, 1998.
Édition:Rev. 4th ed.
Sujets:
Tags: Ajouter un tag
Pas de tags, Soyez le premier à ajouter un tag!
Thư viện lưu trữ: Mạng thư viện Đại học Đà Nẵng
LEADER 01182cmm a2200361 i 4500
001 000044409
003 2784
005 20060104161752.0
008 010314b1998 vm 000 eng
020 |a 0072301767 
040 |a LRC  |c LRC  |d LRC 
041 0 |a eng 
082 0 4 |a 621.3  |2 21  |b RI-G 
100 1 |a Rizzoni, Giorgio. 
245 1 0 |a Principles and applications of electrical engineering  |h [Computer file] /  |c Giorgio Rizzoni. 
250 |a Rev. 4th ed. 
260 |a Boston :  |b McGraw-Hill Higher Education,  |c 1998. 
300 |a 1 computer disk :  |b ill. col. ;  |c 4 3/4 in. 
500 |a Includes index. 
630 0 4 |a Electric engineering. 
650 0 4 |a Electric engineering. 
OWN |a DUT 
AVA |a UDN50  |b DUT  |c Visual  |d 621.3 RI-G  |e available  |t Error 5001 Not defined in file expand_doc_bib_avail.  |f 1  |g 0  |h N  |i 0  |j AV  |k 1 
999 |a From the UDN01 
AVA |a UDN50  |b DUT  |c Visual  |d 621.3 RI-G  |e available  |t Error 5001 Not defined in file expand_doc_bib_avail.  |f 1  |g 0  |h N  |i 0  |j AV  |k 1 
TYP |a Computer file 
TYP |a Monograph 
980 |a Mạng thư viện Đại học Đà Nẵng